000 00371nam a22001217a 4500
999 _c518578
_d518578
008 210930b ||||| |||| 00| 0 eng d
100 _aHegde, Sasheej and Murali, Atlury
_927831
245 _aHistory, theory and evasions of imperialist thought
260 _aSocial Scientist
300 _a49(5-6), May-Jun, 2021: p.55-78
773 _aSocial Scientist
942 _cAR